| 000 | 00478nam a2200193 a 4500 | ||
|---|---|---|---|
| 001 | 1758004021185 | ||
| 003 | YourLibrary | ||
| 005 | 20250916115905.0 | ||
| 008 | 250916s2003##################000#0#eng## | ||
| 020 | _a9780521750110 | ||
| 082 | 0 | 4 |
_a507.124 _bCOO |
| 100 | 1 |
_aCooke, Andy, _eauthor. |
|
| 245 | 1 | 0 | _aSpectrum Year 9 Teacher File : |
| 260 | _c2003. | ||
| 300 | _a528 pages | ||
| 650 | 0 | _aEducation. | |
| 942 | _cENGLISH | ||
| 040 |
_aYourLibrary _beng _cYourLibrary |
||
| 999 |
_c587313 _d587313 |
||